Guess the Beatles song from lyrics - Statistics

General Stats
  • This quiz has been taken 267 times
  • The average score is 16 of 25
Answer Stats
Hint Answer % Correct
Take a sad song and make it better Hey Jude
98%
Mother Mary calls to me speaking words of wisdom Let it Be
96%
Jojo was a man who thought he was a loner Get Back
89%
She was just 17, you know what I mean I Saw Her Standing There
89%
I look at all the lonely people Eleanor Rigby
88%
When I was younger so much younger than today Help
86%
There are places I remember In My Life
82%
When I touch you I feel happy inside I Want To Hold your Hand
81%
What would you think if I sang out of tune would you stand up and walk out on me With A Little Help From My Friends
80%
Got to be good looking coz he's so hard to see Come Together
77%
Take these sunken eyes and learn to see Blackbird
76%
Is there anybody going to listen to my story Girl
76%
She told me she worked in the morning and started to laugh Norwegian Wood
76%
The Way things are going they're gonna crucify me The Ballad Of John and Yoko
71%
I look at the world and I notice it's turning While My Guitar Gently weeps
61%
Life is very short, and there's no time We Can work it out
60%
Every summer we can rent a cottage In the Isle of Wight When I'm Sixty Four
59%
Turn off your mind Relax and float down stream Tomorrow Never Knows
48%
Stay In bed float upstream I'm Only sleeping
45%
Carve your number on my wall and maybe you will get a call from me If I needed someone
40%
Flowing more freely than wine I Me Mine
35%
We were talking about the love that's come so far Within you Without you
34%
I saw the line, I know that you saw me No Reply
32%
I get high when I see you go bye It's only love
30%
You've tried before to leave me But you haven't got the nerve You Like me Too much
28%
No matching quizzes found
Score Distribution
Percent of People with Each Score
Percentile by Number Answered
Your Score History
You have not taken this quiz